Geschichte der Paedagogik
Αποθηκεύτηκε σε:
| Κύριος συγγραφέας: | |
|---|---|
| Μορφή: | Βιβλίο |
| Γλώσσα: | German |
| Δημοσίευση: |
Stuttgart :
Klett-Cotta,
1995.
|
| Έκδοση: | 18η εκδ. |
| Θέματα: | |
| Ετικέτες: |
Προσθήκη ετικέτας
Δεν υπάρχουν, Καταχωρήστε ετικέτα πρώτοι!
|
MARC
| LEADER | 00000cam a2200000 i 4500 | ||
|---|---|---|---|
| 001 | 1/101869 | ||
| 008 | 000216s1995 gw | ||| |||| | ger|| | ||
| 020 | |a 3608930116 | ||
| 035 | |l 10057859 | ||
| 040 | |a GR-MyUa |b gre |e AACR2 | ||
| 041 | 0 | |a ger | |
| 082 | 7 | |a 370.1 |2 (22) | |
| 100 | 1 | |a Reble, Albert. | |
| 245 | 1 | 0 | |a Geschichte der Paedagogik / |c Albert Reble. |
| 250 | |a 18η εκδ. | ||
| 260 | |a Stuttgart : |b Klett-Cotta, |c 1995. | ||
| 300 | |a 417 σ. ; |c 22 εκ. | ||
| 650 | 0 | 0 | |a Education |x Philosophy |x History. |
| 767 | 0 | 8 | |i Μεταφρασμένο ως: |t Ιστορία της παιδαγωγικής / |
| 767 | 0 | 8 | |i Μεταφρασμένο ως: |t Ιστορία της παιδαγωγικής / |
| 852 | |a INST |b RHODES |e 20000216 |h 370.1 REB |p 005400014506 |q 005400014506 |t BK |y 0 | ||
| 901 | |a BIBL4-2000-1 | ||
| 922 | |a 4ΕΛΗ |b 199905 |c ΚΠΣ/154 |d LEADER BOOKS | ||
| 970 | |z 2000/02/16 | ||